000 00448nam a2200133Ia 4500
008 100328s9999 xx 000 0 und d
082 _b54178
100 _a---
245 _aकोंबड्या पाळण्याचा ांदा
260 _bउदयम
630 _aकोंबड्या पाळण्याचा ांदा
730 _aकोंबड्या पाळण्याचा ांदा
942 _cBOOK
999 _c540901
_d540898